00551 2200217 4500001002100000005001500021035002000036007000300056008004100059020002200100082000800122084001400130100002000144245004100164250001000205260004100215300003100256650002000287990001300307990001300320INLIS00000000000123320230511012723 a0010-0523000080ta230511 g f ind  a978-602-8997-33-1 a813 a813 AHM b0 aAhmad Muslihin.1 aBicaralah Cintaku /cAhmad Muslihin. acet.2 aJakarta :bRepublika Penerbit,c2011 a173 hlm. :bIlus ;c21 cm. 4aFiksi Indonesia a03720372 a00080008